Od nepamäti po pamäť

Bibliographic Details
Format: Book
Language:Slovak
PhysicalDescription:78 s. 21 cm
Published: Nitra Artex 1992
ISBN:8085654008
Subjects:

MARC

LEADER 00000nam a2200000 a 4500
001 vtls001425715
003 SK-MaSNL
005 20260301120746.0
008 160208s1992 xo a rg 0 slo
020 |a 8085654008  |c b.c. 
035 |a SNK000380624 
035 |a urn:nbn:sk:snk-amknrk 
035 |a urn:nbn:sk:snk-am003bso 
035 |a 20E47812-AA05-43D0-8B78-D4A3FAFDBA19 
040 |a SNK  |b slo  |c SNK  |e AACR2 
041 0 |a slo 
044 |a xo  |c SK 
080 |a 885.4-14  |2 1981 
245 0 0 |a Od nepamäti po pamäť  |c Bernard Brázdil 
260 |a Nitra  |b Artex  |c 1992 
300 |a 78 s.  |c 21 cm 
650 0 7 |a slovenská poézia  |2 SNK  |9 215422 
919 |a 80-85654-00-8 
999 |c 726969  |d 728899 
952 |t P60, <03>, [BOOK], {603}  |a SNK  |b SNK  |y PREZ  |7 0  |p 17A0325046  |o snkSC 106716  |i snkD 1463/2001  |0 0  |1 0  |4 0  |d 2001-12-05  |f 1  |l 0  |r 2025-09-26 00:00:00  |w 2026-02-23 
952 |t P60, <04>, [BOOK], {604}  |a SNK  |b SNK  |y VYP  |7 0  |p 17A0325003  |o snkSC 106716 D1  |i snkD 1464/2001  |0 0  |1 0  |4 0  |d 2001-12-05  |l 0  |r 2005-01-02 00:00:00  |w 2026-02-23